000 00875nam a2200253Ia 4500
003 OSt
005 20220923211152.0
006 a|||||r|||| 00| 0
007 ta
008 220922b |||||||| |||| 00| 0 pan d
020 _a81876542074 (hbk)
_c340
024 _a260,292
037 _b526, 02/12/2011, H.K. Prakashan
_cTextual
040 _aARTS
_cARTS
_bpan
041 _2pan
_apan
082 _aO153,3:g, Q1
100 _aਕੁਲਦੀਪ ਦੌਰ, ਥਦ.
_9159069
245 0 _aਪਰਵਾਸੀ ਪੰਜਾਬੀ ਕਹਾਣੀ ਦੇ ਨਕF
260 _aਦਿੱਲੀ
_b ਮਨਪ੍ਰੀਤ ਪ੍ਰਕਾFਨ
_c2011
300 _a160ਪੰ
_ccm.
650 _aਪੰਜਾਬੀ ਸਾਹਿਤ
942 _hO153,3:g, Q1
_cTEXL
_2CC
999 _c296276
_d296276